Investigación cualitativa: (Registro nro. 3939)

Detalles MARC
000 -Cabecera
Campo de control interno 00489nam a2200181Ia 4500
005 - Fecha y hora del registro
control field 20260306145720.0
008 - Elementos de Longitud Fija
fixed length control field 260306t2008||||xx |||||||||||||| ||spa||
041 ## - Idioma
Codigo Idioma ESP
082 ## - DEWEY y NOTACIÓN INTERNA
Dewey 305.8
Notación Interna M97
100 ## - AUTOR
Autor denominación Murcia Peña, Napoleón
Término de relación autor
245 #0 - TÍTULO DE MATERIAL BIBLIOGRÁFICO
Título Investigación cualitativa:
Título paralelo la complementariedad: una guía para abordar estudios sociales
260 ## - CIUDAD, EDITORIAL, AÑO
Año 2008
300 ## - DESCRIPCIÓN
N° Páginas 236 páginas :
Dimensiones 24 cm.
650 ## - TEMAS
Temas Generalidades
654 ## - PROGRAMAS
Programa Dpto. de Humanidades
942 ## - ELEMENTOS DE KOHA
Tipo de documento Libro
Nombre del creador Justo Noguera
Código de catalogador Justo Noguera
Esquema de clasificación Dewey Decimal Classification
Suppress in OPAC
Existencias
Codigo completo Registro Colección Copia número Disponibilidad Tipo de préstamo Biblioteca Actual Procedencia (Biblioteca) Ubicacón Fecha Ingreso Tipo de Adquisición Date last seen Total checkouts Price effective from Tipo de Item Estado del Material Fuente de Clasificación Damaged status Withdrawn status
305.8 M97 1011701 Universidad Católica San Pablo 1 Disponible Disponible Víctor Andrés Belaunde Víctor Andrés Belaunde Planta baja abierta 03/06/2026 Compra 06/03/2026   06/03/2026 Libro Bueno Dewey Decimal Classification